00000000nam##2200000za#4500
0019.571005
003CaOODSP
00520210624182519
007cr |||||||||||
008150406|2007||||xxc|||||o    f|0| 0 eng|d
040 |aCaOODSP|beng
043 |an-cn---
0861 |aYC32-0/391-12E-PDF
1101 |aCanada. |bParliament. |bSenate. |bStanding Committee on Human Rights.
24510|aCanada and the United Nations Human Rights Council : |h[electronic resource]|bat the crossroads / |cThe Honourable Raynell Andreychuk, chair ; the Honourable Joan Fraser, deputy chair.
2463 |aInterim report, Standing Senate Committee on Human Rights
260 |aOttawa - Ontario : |bSenate. |cMay 2007.
300 |a99p.|breferences, tables
4901 |aReport of the Standing Senate Committee on Human Rights|v[39th Parliament, 1st Session, 12th report]
590 |a11-12-Supp|b2011-07-29
77508|tLe Canada et le Conseil des droits de l'homme des Nations Unies : |w(CaOODSP)9.601648
830#0|aReport of the Standing Senate Committee on Human Rights ;|v[39th Parliament, 1st Session, 12th report]|w(CaOODSP)9.505251
85640|ahttp://publications.gc.ca|qPDF|s611 Ko|uhttps://publications.gc.ca/collections/collection_2011/sen/yc32-0/YC32-0-391-12-eng.pdf|y[39th Parliament, 1st Session, 12th report]